000 00624nam a2200205 a 4500
001 BRCA_6841
005 20190320205620.0
008 091111s1912----gw-a######---#000-0#ger-#
041 _ager
044 _agw
050 4 _aPT2613
_b.A51 M37 1912
100 1 _aGanghofer, Ludwig Albert
_d1855-1920
_917068
245 1 0 _aDie Martinsklause
_broman aus dem Anfang des 12. Jahrhunderts
_cvon Ludwig Ganghofer ; illustriert A. F. Seligmann
260 _aStuttgart, Alemania
_bA. Bonz
_c[1912]
300 _a2 v.
_bil.
_c17 cm.
500 _aO21
650 1 4 _aLiteratura Alemana
_xFicción
_917007
902 _aGFM
942 _2lcc
_cB
999 _c6524
_d6524